| 000 | 01576cam a2200349 a 4500 | ||
|---|---|---|---|
| 001 | 15099027 | ||
| 005 | 20090828092546.0 | ||
| 008 | 071130s2008 nyua |rb 001 0 eng | ||
| 010 | _a 2007049390 | ||
| 020 | _a0071472487 (alk. paper) | ||
| 020 | _a9780071472487 (alk. paper) | ||
| 035 | _a(OCoLC)ocn182779807 | ||
| 035 | _a(OCoLC)182779807 | ||
| 040 |
_aDLC _cDLC _dBAKER _dC#P _dYDXCP _dDLC |
||
| 050 | 0 | 0 |
_aTK8315 _b.F57 2008 |
| 082 | 0 | 0 |
_a681.4 _222 _bFIS |
| 100 | 1 |
_aFischer, Robert Edward, _d1943- _913250 |
|
| 245 | 1 | 0 |
_aOptical System Design / _cRobert E. Fischer, Biljana Tadic-Galeb, Paul R. Yoder ; with contributions by Ranko Galeb ... [et al.]. |
| 250 | _a2nd ed., Thoroughly updated. | ||
| 260 |
_aNew York : _bMcGraw-Hill, 2008 _cc2008. |
||
| 300 |
_axv, 809 p. : _bill. ; _c25 cm. |
||
| 504 | _aIncludes bibliographical references (p. 785-786) and index. | ||
| 650 | 0 |
_aImaging systems _xDesign and construction. _913251 |
|
| 650 | 0 |
_aOptical instruments _xDesign and construction. _913252 |
|
| 650 | 0 |
_aElectrooptical devices _xDesign and construction. _913253 |
|
| 700 | 1 |
_aTadic-Galeb, Biljana. _913254 |
|
| 700 | 1 |
_aYoder, Paul R. _913255 |
|
| 856 | 4 | 1 |
_3Table of contents only _uhttp://www.loc.gov/catdir/toc/ecip086/2007049390.html |
| 942 |
_2ddc _cBB |
||
| 999 |
_c13813 _d13813 |
||